000 00611nam a2200205 i 4500
001 24754
003 ES-MaACL
005 20230906153123.0
007 t|
008 021218s1979 sp ||||1| spa d
245 0 0 _aAntropología y feminismo /
_cOlivia Harris y Kate Young.
260 _aBarcelona :
_bAnagrama,
_c[1979]
300 _a301 p. ;
_c23 cm.
490 1 _aBiblioteca Anagrama de antropología
700 1 _aHarris, Olivia.
_961918
700 1 _aYoung, Kate.
_9117697
830 0 _aBiblioteca Anagrama de antropología
_9180934
852 _aES-MaACL
_jA-10571
_bR.99820
999 _c24754
_d24754